000 00459cam a2200181ua 4500
020 _c165.00
041 _aeng
_h
082 _a670
_bPRA/FU
100 _aPravin, Kumar .
245 _aFundamentals of design and manufacturing /
_cPravin Kumar.
_hTextual Documents
260 _aDelhi :
_bS K Kataria and sons ,
_c2007.
300 _a ; .
365 _a165.00
504 _a
700 1 _aRamaswamy, M .
942 _cBK
999 _c13441
_d13441